The Last Dinner Party - Nothing Matters, Lyrics - Statistics

General Stats
  • This quiz has been taken 33 times
  • The average score is 220 of 256
Answer Stats
Lyrics % Correct
a
100%
I
100%
you
100%
and
96%
fuck
96%
hold
96%
in
96%
like
96%
me
96%
my
96%
the
96%
can
92%
he
92%
held
92%
her
92%
matters
92%
nothing
92%
we
92%
have
88%
now
88%
on
88%
will
88%
dancing
84%
felt
84%
know
84%
we're
84%
your
84%
last
80%
sentence
80%
us
80%
convertibles
76%
how
76%
just
76%
more
76%
motorbike
76%
never
76%
sailor
76%
they
76%
understand
76%
alike
72%
bets
72%
fingers
72%
heart
72%
inside
72%
lot
72%
put
72%
skin
72%
than
72%
all
68%
arms
68%
at
68%
dig
68%
cause
64%
hope
64%
I'm
64%
when
64%
even
60%
expecting
60%
nightingale
60%
putting
60%
through
60%
comes
52%
crashing
52%
headlights
52%
one
48%
with
48%
favor
44%
got
44%
Chevrolet
40%
palms
40%
highway
36%
love
36%
moon
36%
tender
36%
we've
36%
cold
32%
home
32%
is
32%
away
28%
bursting
28%
tight
20%
No matching quizzes found
Score Distribution
Percent of People with Each Score
Percentile by Number Answered
Your Score History
You have not taken this quiz